Metodología: guía para elaborar diseños de investigación en ciencias económicas, contables y administrativas

Сохранить в:
Библиографические подробности
Главный автор: Méndez Álvarez, Carlos Eduardo (autor)
Формат:
Язык:испанский
Опубликовано: Bogotá McGraw Hill 1995
Редактирование:2a. ed
Предметы:
Метки: Добавить метку
Нет меток, Требуется 1-ая метка записи!

MARC

LEADER 00000nam a2200000 a 4500
001 UCO9916
003 CL-VaPUC
008 010316e19950000CK |||||||||||||||||spa|d
082 0 4 |a 370.78  |b MEN  |2 21 
100 |a Méndez Álvarez, Carlos Eduardo  |e autor  |9 455136 
245 1 0 |a Metodología: guía para elaborar diseños de investigación en ciencias económicas, contables y administrativas 
250 |a 2a. ed 
300 |a 170 p 
942 |c BK 
945 |d 20010316 00:00:00  |a vberengu 
260 |a Bogotá  |b McGraw Hill  |c 1995 
650 7 |a TRABAJO DE INVESTIGACION  |2 CL-VaPUC  |9 334804 
650 0 |a Metodología   |9 256610 
650 0 |a Métodos de investigación   |9 262618 
650 7 |a TECNICAS DE INVESTIGACION  |2 CL-VaPUC  |9 455137 
583 |a last modification  |c 20010316 00:00:00  |k Rodrigo Vera 
999 |c 293931  |d 293929 
952 |0 0  |1 0  |4 0  |6 370_780000000000000_MEN_1995  |7 0  |8 A  |9 345715  |a BIBMEC  |b BIBMEC  |d 2019-11-20  |i 3685403  |o 370.78 MEN 1995  |p 3685403  |r 2023-08-31  |w 2019-11-20  |y BK  |k MEC